<?xml version="1.0" encoding="UTF-8"?><?xml-stylesheet type="text/xsl" href="static/style.xsl"?><OAI-PMH xmlns="http://www.openarchives.org/OAI/2.0/" xmlns:xsi="http://www.w3.org/2001/XMLSchema-instance" xsi:schemaLocation="http://www.openarchives.org/OAI/2.0/ http://www.openarchives.org/OAI/2.0/OAI-PMH.xsd"><responseDate>2026-06-01T22:07:33Z</responseDate><request verb="GetRecord" identifier="oai:riuma.uma.es:10630/28033" metadataPrefix="marc">https://riuma.uma.es/rest/oai/request</request><GetRecord><record><header><identifier>oai:riuma.uma.es:10630/28033</identifier><datestamp>2026-02-03T11:15:17Z</datestamp><setSpec>com_10630_2254</setSpec><setSpec>col_10630_37953</setSpec></header><metadata><record xmlns="http://www.loc.gov/MARC21/slim" xmlns:dcterms="http://purl.org/dc/terms/" xmlns:doc="http://www.lyncode.com/xoai" xmlns:xsi="http://www.w3.org/2001/XMLSchema-instance" xsi:schemaLocation="http://www.loc.gov/MARC21/slim http://www.loc.gov/standards/marcxml/schema/MARC21slim.xsd">
   <leader>00925njm 22002777a 4500</leader>
   <datafield ind2=" " ind1=" " tag="042">
      <subfield code="a">dc</subfield>
   </datafield>
   <datafield ind2=" " ind1=" " tag="720">
      <subfield code="a">Santos Jaén, José Manuel</subfield>
      <subfield code="e">author</subfield>
   </datafield>
   <datafield ind2=" " ind1=" " tag="720">
      <subfield code="a">León-Gómez, Ana María</subfield>
      <subfield code="e">author</subfield>
   </datafield>
   <datafield ind2=" " ind1=" " tag="720">
      <subfield code="a">Ruiz-Palomo, Daniel</subfield>
      <subfield code="e">author</subfield>
   </datafield>
   <datafield ind2=" " ind1=" " tag="720">
      <subfield code="a">García-Lopera, Francisca</subfield>
      <subfield code="e">author</subfield>
   </datafield>
   <datafield ind2=" " ind1=" " tag="720">
      <subfield code="a">Valls Martínez, María del Carmen</subfield>
      <subfield code="e">author</subfield>
   </datafield>
   <datafield ind2=" " ind1=" " tag="260">
      <subfield code="c">2022-10-04</subfield>
   </datafield>
   <datafield ind2=" " ind1=" " tag="520">
      <subfield code="a">This paper aims to analyze whether Corporate Social Responsibility (CSR) can be considered as a mediator variable on the relationship among Information and Communication Technologies (ICT) adoption and SMEs performance in the hotel industry due to the lack of general consensus on the direction of this relationship. Furthermore, future expectations about the economic cycle might be a determining factor in business decision-making. Therefore, we also analyze whether these expectations influence hotel managers to adopt CSR strategies and, indeed, influences on the hotel’s performance. To this end, partial least squares structural equation modeling (PLS-SEM) is applied to a sample of 117 Spanish hotel SMEs. These results have practical implications in considering ICT adoption as a source of competitive advantage that will facilitate the implementation of CSR practices in hotels, thus improving firm performance.</subfield>
   </datafield>
   <datafield ind1="8" ind2=" " tag="024">
      <subfield code="a">Santos-Jaén, J. M., León-Gómez, A., Ruiz-Palomo, D., García-Lopera, F., &amp; Valls Martínez, M. D. C. (2022). Exploring Information and Communication Technologies as Driving Forces in Hotel SMEs Performance: Influence of Corporate Social Responsibility. Mathematics, 10(19), 3629. DOI: https://doi.org/10.3390/math10193629</subfield>
   </datafield>
   <datafield ind1="8" ind2=" " tag="024">
      <subfield code="a">https://hdl.handle.net/10630/28033</subfield>
   </datafield>
   <datafield ind1="8" ind2=" " tag="024">
      <subfield code="a">10.3390/math10193629</subfield>
   </datafield>
   <datafield tag="653" ind2=" " ind1=" ">
      <subfield code="a">Responsabilidad social de la empresa</subfield>
   </datafield>
   <datafield tag="653" ind2=" " ind1=" ">
      <subfield code="a">Hostelería - Aspectos sociales</subfield>
   </datafield>
   <datafield ind2="0" ind1="0" tag="245">
      <subfield code="a">Exploring Information and Communication Technologies as Driving Forces in Hotel SMEs Performance: Influence of Corporate Social Responsibility.</subfield>
   </datafield>
</record>
</metadata></record></GetRecord></OAI-PMH>